000 00331 a2200157 4500
001 174945
020 _a
040 _cMagnum
100 _aBrandao, Luzia Machado
240 1 0 _aO grilinho brincalhao
_lpor
245 1 0 _aO grilinho brincalhao
362 0 _a1899
440 1 _aDo Brasil
697 _aIJ/DIDATICO
942 _cBK
999 _c174945
_d174945